[Event "Turnier 40 / 120"]
[Site "Wien"]
[Date "2023.09.08"]
[Round "26"]
[White "Mephisto Lyon 68020"]
[Black "Novag Star Diamond"]
[Result "1-0"]
[WhiteElo "2172"]
[BlackElo "2161"]
[Annotator "Christian"]
[PlyCount "95"]
[EventDate "2023.??.??"]

{[%evp 0,95,14,10,65,71,59,36,36,26,46,51,55,55,31,29,29,18,18,37,33,30,45,36,19,25,20,24,17,21,17,17,30,13,18,12,12,12,-2,30,45,14,29,29,17,17,0,0,30,-12,65,0,9,28,23,0,0,0,45,0,24,0,0,0,0,0,0,0,117,123,112,133,130,130,123,136,118,150,159,165,225,217,249,229,240,278,278,281,313,328,361,252,258,244,274,263,268,282]} 1. e4 c6 {Runde 26: Caro Cann / Über diese Partie verliert man am besten nicht viele Worte, nach ein paar ordentlichen Partien gibt es diesmal wieder eine höflich ausgedrückt ereignisreiche Partie, die unter die Kategorie hoffnungslose Überforderung beider Geräte fällt. Nach zahlreichen völlig unverständlichen Zügen wird das Ergebnis nach dem Zufallsprinzip ermittelt, meist verschenkt Star Diamond das Remis und dann Lyon 68020 wieder den Sieg, am Ende verschenkt Star Diamond das Remis einfach 1x zu viel. Lyon 68020 schafft den Ausgleich dieser Staffel. / Stand: 15,5 : 10,5 ---> für Novag Star Diamond (59,62 %)} 2. d4 d5 3. Nc3 dxe4 4. Nxe4 Bf5 5. Ng3 Bg6 6. h4 h6 7. Nf3 Nd7 8. h5 Bh7 9. Bd3 Bxd3 10. Qxd3 Qc7 11. Rh4 e6 12. Bf4 Bd6 {Buchende} 13. Bxd6 Qxd6 {Buchbewertung Novag Star Diamond: -0,19} 14. Ne4 {Buchende} Qe7 15. O-O-O {Buchbewertung Mephisto Lyon 68020: +0,27 / lt. Stockfish steht Weiss eine Nuance besser mit etwa +0,20} O-O-O 16. Qc3 Ngf6 17. Qa5 Nxe4 18. Rxe4 Kb8 19. Re3 Nf6 $2 {ein schwacher Zug, danach steht Weiss besser, Stockfish -1,00, da gibt es jede Menge klar bessere Züge, The8, Thg8, c5, Ka8,....} 20. Ra3 a6 21. Ne5 Rc8 22. Rb3 $2 {ein schwacher Zug, der den Vorteil von Weiss halbiert, Stockfish +0,50, deutlich besser ist T1d3} Ka8 23. Nc4 Rcd8 $2 {ein ganz schlechter Zug, danach ist Weiss klar im Vorteil, Stockfish -1,60, nötig war Sd5 danach wäre die Stellung bereits im Lot gewesen} ({Stockfish dev-20230822-440feecb:} 23... Nd5 24. Qa3 Qxa3 25. Rxa3 Rc7 26. g4 c5 27. Rf3 cxd4 28. Rxd4 Rhc8 29. b3 Ka7 30. Kb1 f6 31. Rd2 b5 32. Nd6 Rb8 33. Ne4 Rb6 34. c3 Rbc6 35. Rdd3 a5 36. Kb2 Kb6 37. Rd4 a4 38. Rg3 f5 39. gxf5 exf5 40. Rxd5 fxe4 41. Re5 Rf6 42. Rxe4 Rxf2+ 43. Ka3 axb3 44. axb3 {[%eval 18,33]}) 24. Rg3 $2 {so aber nicht, verspielt auf einen Schlag den gesamten Vorteil, die Stellung ist im Lot, Stockfish 0,00, nötig war Sb6+} c5 $2 {ein schlechter Zug, danach ist Weiss wieder im Vorteil, Stockfish -1,30, Ausgleich hätte Se4 gesichert} 25. dxc5 Rxd1+ 26. Kxd1 Ne4 27. Rf3 Nxc5 28. Ke2 Qg5 {besser ist f6, Stockfish -1,60} 29. Qc7 $2 {ein ganz schwacher Zug, der mehr als eine ganze Bauerneinheit einbüsst, danach ist nicht mehr viel übrig vom Weissen Vorteil, Stockfish +0,20, nötig war g4} Qxh5 $2 {ein schwacher Zug, danach ist Weiss wieder im Vorteil, Stockfish -1,00, deutlich stärker ist Td8} 30. b3 $2 {einfach unverständlich, warum um Gottes Willen nicht Dxf7 ?, nach dem Textzug ist nicht mehr viel übrig vom Weissen Vorteil, Stockfish +0,30} Rb8 $2 {also das ist einfach völliger Schwachsinn, was bitte soll das sein ?, danach ist die Partie praktisch schon verloren, Stockfish -2,00, nötig war natürlich Se4 (das bewertete Star Diamond übrigens mit 0,00, ebenso wie den Textzug mit 0,00, ist also Zufall, welchen Zug er hier wählte, absurd !!, aber natürlich gilt dieser Kommentar wieder mal nur für Stockfish, ob es auch Lyon 68020 zum Sieg führt, ist natürlich noch abzuwarten} 31. a4 $2 {kaum habe ich den vorigen Kommentar zu Ende geschrieben wird der Vorteil gleich wieder halbiert, Stockfish +1,00, unfassbar, verzichtet neuerlich auf Dxf7, da fehlen einem eigentlich die passenden Worte} f6 $2 {also diese Partie fällt wieder unter die Kategorie, hoffnungslos überfordert, ein Verlustzug danach ist die Partie wieder klar verloren, Stockfish -2,70, nötig war wieder Se4, wie schon zuvor} 32. Qxg7 $2 {und es geht weiter in dieser Manier, verschenkt sofort wieder einfach alles, danach ist die Stellung wieder im Lot, Stockfish 0,00, sofort gewonnen hätte g4} Ne4 33. g4 {tja da kann man nur sagen, warum nicht gleich, jetzt kein schlechter Zug, bringt aber keinen Vorteil mehr, Stockfish 0,00} Qg5 $2 {ein absoluter Verlustzug, danach ist die Partie sofort verloren, Stockfish -3,30, unglaublich kurzsichtig, die folgende Kombination nicht zu sehen, das ist schon unterste Schublade muss ich sagen, einfach Dxg5, hxg5, Ke3 und die schwarze Stellung bricht sofort zusammen, nötig war Dh1 mit Ausgleich} 34. Qxg5 {klar und ab hier kann man sich dann jeden weiteren Kommentar schenken, es sei denn Lyon 68020 macht noch einen Megabock, aber hier ist alles erledigt, Stockfish +3,50} hxg5 35. Ke3 Nc3 36. Nb6+ Ka7 37. Nd7 Rd8 38. Nxf6 Kb6 39. Nh7 Rd5 40. Rf6 Rd6 41. Rh6 Nd5+ 42. Ke4 Nc3+ 43. Kf3 Rd2 44. Nxg5 Rxc2 45. Rxe6+ Kc5 46. Re7 Kc6 47. Ne4 Nxe4 48. Rxe4 {Rest geschenkt} 1-0

[Event "Turnier 40 / 120"]
[Site "Wien"]
[Date "2023.09.10"]
[Round "27"]
[White "Novag Star Diamond"]
[Black "Mephisto Lyon 68020"]
[Result "1-0"]
[WhiteElo "2161"]
[BlackElo "2172"]
[Annotator "Christian"]
[PlyCount "145"]
[EventDate "2023.??.??"]

{[%evp 0,145,32,35,59,44,44,0,0,0,33,37,38,37,45,49,59,33,43,19,17,18,26,9,17,16,11,13,10,14,48,55,55,52,74,71,91,57,70,79,54,54,61,54,54,61,56,61,63,54,51,45,59,51,59,35,27,32,26,23,49,26,46,-1,0,-6,56,4,11,1,4,-5,50,13,12,11,18,60,56,56,56,56,69,75,75,80,86,54,52,42,135,156,141,140,147,147,169,166,166,157,157,152,172,161,185,192,195,199,199,199,258,251,251,191,268,227,268,269,260,260,260,252,252,270,234,228,180,412,463,491,643,545,641,643,668,746,764,853,870,1016,1016,1016,1230,1073,1459,1277,29975,29976]} 1. e4 c5 {Runde 27: Sizilianisch, Richter Rauser Angriff / Mephisto Lyon 68020 verpasst die Möglichkeit einer Rochade und kommt klar in Nachteil, Star Diamond ermöglicht dann aber seinem Gegner einen Damentausch und damit ist die Stellung natürlich entschärft, die Partie verläuft dann längere Zeit ausgeglichen mit leichten Vorteilen für Star Diamond, im Endspiel macht dann aber Lyon 68020 mit 44. Sd7 ?? einen spielentscheidenden Fehler, hier hätte 44. Sd5 !! das Remis gesichert. Star Diamond übernimmt wieder die Führung in dieser Staffel. / Stand: 16,5 : 10,5 ---> für Novag Star Diamond (61,11 %)} 2. Nf3 Nc6 3. d4 cxd4 4. Nxd4 Nf6 5. Nc3 d6 6. Bg5 e6 7. Qd2 a6 8. O-O-O h6 9. Bf4 Bd7 10. Nxc6 Bxc6 11. f3 d5 {Buchende} 12. Qe1 Bb4 {Buchbewertung Mephisto Lyon 68020: -0,33} 13. a3 Bxc3 14. Qxc3 {Buchende} Rc8 $2 {ein schlechter Zug, danach ist Weiss bereits klar im Vorteil, Stockfish -1,00, nötig war natürlich der noch im Buch von Star Diamond gespeicherte Zug 0-0} 15. exd5 {Der richtige Zug, aber Star Diamond kann noch keinen Vorteil erkennen, Buchbewertung: +0,03 / Stockfish +1,00} Bxd5 16. Qb4 $1 {natürlich, genau das ist das Problem für Schwarz, keine Rochade möglich, Lyon 68020 hätte den ganz schwachen Zug De3 ?? erwartet, danach wäre Schwarz natürlich alle Sorgen los, dann ginge ja problemlos 0-0} Nh5 $2 {auch nicht opitmal, deutlich besser ist De7, Stockfish -1,50} 17. Be3 {besser ist Le5, Stockfish +1,10} Qc7 $2 {deutlich besser ist De7, Stockfish -1,60} 18. Bd3 Nf6 {besser ist g5, Stockfish -1,90} 19. Bf4 $2 {ein ganz schlechter Zug, der nahezu den gesamten Vorteil verschenkt, danach ist Weiss nur noch knapp im Vorteil, Stockfish +0,50, danach geht natürlich Dc5 und Schwarz kommt entweder problemlos zur Rochade oder kann die Dame tauschen, danach ist natürlich der König in der Mitte kein Problem mehr, nötig war Kb1} Qc5 $1 {na klar, Star Diamond hatte den ganz schlechten Zug Dd7 ?? erwartet, danach wäre Schwarz auf verlorenem Posten mit ca. -2,00} 20. Qxc5 Rxc5 21. Kb1 Rc6 $2 {ein schlechter Zug, deutlich besser ist Lc4, Stockfish -1,00} 22. b3 $1 b5 23. Rd2 O-O 24. Rhd1 Rfc8 25. Bg3 Rb6 26. Bh4 Ne8 27. Be4 $2 {ein schlechter Zug, danach ist jeglicher Vorteil dahin, Stockfish 0,00, deutlich besser ist Lf2} Bxe4 28. fxe4 Rbc6 29. Rd8 Rxd8 30. Rxd8 Kf8 31. Rd7 g5 32. Bg3 h5 33. Kb2 Nf6 34. Rd4 h4 35. e5 Nd5 36. Bf2 Ke7 37. c4 bxc4 38. bxc4 Rb6+ 39. Kc2 Rc6 40. Kd1 Nc3+ {nicht optimal, besser ist Sf4, Stockfish -0,60} 41. Kd2 Na4 42. Be3 f6 43. Rg4 {nicht optimal, danach ist die Stellung wieder im Lot, Stockfish 0,00, besser ist h3} Nb6 44. c5 Nd7 $2 {ein Verlustzug, Stockfish -3,00, nötig war natürlich Sd5 mit Ausgleich} ({Stockfish dev-20230903-b25d68f6:} 44... Nd5 45. exf6+ Kxf6 46. Bxg5+ Kf5 47. h3 Rxc5 48. Bxh4 Rb5 49. a4 Rb2+ 50. Kd3 Ra2 51. Rg5+ Kf4 52. Rg8 Ke5 53. Bg3+ Kf6 54. Bd6 e5 55. Kc4 Nf4 56. Kb4 Ke6 57. Bb8 Nxg2 58. Kb3 Rf2 59. Rg5 e4 60. Re5+ Kd7 61. Rxe4 Rf3+ 62. Kb4 Rxh3 63. Ka5 Rh4 64. Re2 Nf4 65. Rd2+ Kc8 66. Be5 Ng6 {[%eval 0,36] [%wdl 5,990,5]}) 45. exf6+ Kxf6 46. Rxg5 h3 47. g3 Ne5 48. Rh5 Nf3+ 49. Ke2 Nxh2 50. Rh4 Kf5 51. Rf4+ Kg5 52. Rf2+ Kg4 53. Rxh2 {Schwarz verliert eine Figur und damit die Partie, ab diesem Zeitpunkt kann man sich jeden weiteren Kommentar schenken, Stockfish +6,00} Kxg3 54. Bg1 Rc7 55. Rf2 e5 56. Rf5 Rh7 57. Kd3 h2 58. Bxh2+ Rxh2 59. c6 Rh6 60. c7 Rc6 61. Rf7 Rc5 62. Ke4 a5 63. a4 Kg2 64. Kf5 Kg3 {[%emt 0:00:25] Stockfish Matt in} 65. Re7 e4+ 66. Kxe4 Kf2 67. Kd4 Rc6 68. Kd5 Rc3 69. Kd6 Rd3+ 70. Kc6 Rc3+ 71. Kb6 Kf3 72. Re5 Rxc7 73. Kxc7 {Rest geschenkt} 1-0

[Event "Turnier 40 / 120"]
[Site "Wien"]
[Date "2023.09.11"]
[Round "28"]
[White "Mephisto Lyon 68020"]
[Black "Novag Star Diamond"]
[Result "1-0"]
[WhiteElo "2172"]
[BlackElo "2161"]
[Annotator "Christian"]
[PlyCount "87"]
[EventDate "2023.??.??"]

{[%evp 0,87,19,34,29,36,32,38,44,40,20,-9,18,5,-5,8,9,3,15,-8,-24,-35,-20,-12,-17,12,12,-12,-28,-20,-18,-23,-14,-28,-27,-20,0,-17,-33,-44,-41,-41,-35,-35,-35,-39,-26,-29,-23,-31,-24,-39,-27,-27,-24,-14,-12,-9,-6,-8,81,78,86,84,85,89,87,95,96,96,92,92,112,98,114,98,121,129,179,183,189,196,219,212,250,203,194,200,261,281]} 1. d4 e6 {Runde 28: Französisch, Winawer Variante / Bis zum Endspiel eine völlig ausgeglichene Partie, das schenkt dann Star Diamond ab mit dem absurden Zug 29. Txc3 ???, also dazu fehlen mir eigentlich die passenden Worte, völlig unverständlich. Lyon 68020 gleicht die Staffel wieder aus. / Stand: 16,5 : 11,5 ---> für Novag Star Diamond (58,93 %)} 2. e4 d5 3. Nc3 Bb4 4. e5 c5 5. Bd2 Ne7 6. dxc5 {Buchende} Nbc6 {Buchende} 7. Nf3 {Buchbewertung Mephisto Lyon 68020: -0,06} O-O {Buchbewertung Novag Star Diamond: +0,07 / lt. Stockfish steht Weiss eine Nuance besser mit ca. +0,20} 8. Bd3 Ng6 9. Bxg6 fxg6 $1 {richtig in diesem Fall obwohl man meist zur Brettmitte schlägt, nach hxg6 wäre aber Weiss bereits klar im Vorteil gewesen mit ca. +1,20 mit der Fortsetzung h4} 10. Qe2 {weniger gut, zu bevorzugen ist Le3, Stockfish -0,60} Qa5 $2 {das bringt gar nichts, warum nicht einfach Lxc5 ?, die Stellung ist im Lot, Stockfish 0,00} 11. O-O b6 12. a3 Bxc3 13. Bxc3 Ba6 14. Qe3 Qxc5 15. Rfe1 Rac8 16. Bb4 Qxe3 17. Rxe3 Rxf3 18. Rxf3 Nd4 19. Rc3 Ne2+ 20. Kh1 Nxc3 21. Bxc3 Kf7 22. Rd1 Rc4 23. f3 g5 24. h3 Bb5 25. Rd3 Rc6 26. Rd4 Kg6 27. a4 Ba6 28. Kg1 Kf5 29. Kf2 {[#]} Rxc3 $2 {absoluter Schwachsinn, danach ist die Partie sofort verloren, Stockfish -3,50, eigentlich der einzige Zug, der verliert, die Stellung ist klar Remis mit jeder normalen Fortsetzung} ({Stockfish dev-20230903-b25d68f6:} 29... h5 30. Ke3 Rc7 31. Kf2 Rc8 32. Ke3 Rc6 33. Rb4 Bf1 34. Kf2 a5 35. Rd4 Ba6 36. g4+ Kg6 37. Rd2 Rc4 38. Rd4 Rc7 39. Rd2 {[%eval 0,53] [%wdl 4,992,4]}) 30. bxc3 Kxe5 31. h4 $2 {besser ist Ke3, Stockfish +3,00} gxh4 32. Rxh4 h6 33. Ke3 {lt. Stockfish ist die Stellung bereits gewonnen für Weiss +3,30, Lyon 68020 sieht sich aber erst mit +0,48 im Vorteil} Kf6 {Novag Star Diamond scheinen hier die Sicherungen durchgebrannt zu sein, Bewertung: +0,26 ??? unfassbar !!} 34. Rf4+ {besser ist Kd4, aber auch der Textzug gewinnt klar, Stockfish +2,90} Ke7 35. Rg4 g5 $2 {nochmals ganz schlecht, damit geht es steil bergab, Stockfish -4,50, deutlich besser ist noch Kf6} 36. Rd4 $4 {Mephisto Lyon 68020 verwirft im letzten Moment den richtigen Zug Tg3 wegen einer Bewertungsdifferenz von +0,03, eine ganz schlechte Entscheidung, der Textzug ist ganz schwach und büsst ca. 1,8 Bauerneinheiten !! ein, Stockfish +2,70} Bf1 $2 {völlig sinnlos, Stockfish -4,70, büsst gleich wieder 2,0 Bauerneinheiten ein, deutlich besser ist h5} 37. g3 Kf6 38. Rd2 h5 39. Rh2 Kg6 40. Kd4 a5 41. Ke5 b5 42. axb5 Bxb5 43. Kxe6 a4 44. Kxd5 {Rest geschenkt} 1-0

[Event "Turnier 40 / 120"]
[Site "Wien"]
[Date "2023.09.11"]
[Round "29"]
[White "Novag Star Diamond"]
[Black "Mephisto Lyon 68020"]
[Result "1/2-1/2"]
[WhiteElo "2161"]
[BlackElo "2172"]
[Annotator "Christian"]
[PlyCount "92"]
[EventDate "2023.??.??"]

{[%evp 0,92,29,29,19,-10,39,21,17,24,24,-46,19,34,33,45,22,23,67,16,88,47,27,51,47,42,48,55,62,64,65,40,45,57,54,31,20,12,9,4,0,-24,-12,-58,-38,-62,-53,-79,-63,-67,-24,-43,-50,-32,-45,-35,-39,-28,-25,-25,-37,0,46,46,55,-9,55,0,0,16,16,7,19,19,22,12,9,2,9,9,55,42,51,53,44,42,44,1,0,0,0,0,0,0,0]} 1. d4 d5 {Runde 29: Damengambit angenommen / Gleich nach dem 1. berechneten Zug von Lyon 68020 verpasst Star Diamond die Chance in Vorteil zu gelangen, die Partie verläuft dann lange Zeit ausgeglichen und es geht in ein Turmendspiel mit allen 4 Türmen. Naturgemäss wird das nicht ideal behandelt, Lyon 68020 verpasst mehrere Gewinnchancen, auch mit etwas Pech, da er bei einer Gelegenheit im Allerletzten Moment den Gewinnzug verwirft. Am Ende ist es Remis, da war mehr drinnen für Lyon 68020 im Endspiel. Staffel 3 wird somit in einem Entscheidungsspiel in der letzten Runde absolviert. / Stand: 17,0 : 12,0 ----> für Novag Star Diamond (58,62 %)} 2. c4 dxc4 3. e4 e5 4. Nf3 exd4 5. Bxc4 Bb4+ 6. Bd2 Bxd2+ 7. Nbxd2 Nc6 8. O-O Nf6 9. e5 Ng4 10. h3 Nh6 11. Nb3 {Buchende} Nf5 {Buchende} 12. Bb5 {Buchbewertung Novag Star Diamond: +0,26} Bd7 {Buchbewertung Mephisto Lyon 68020: -0,06, Lyon 68020 nimmt sich für den 1. berechneten Zug gleich 26 Minuten !! Bedenkzeit und verwirft im letzten Moment den besseren Zug 12. Dd5, lt. Stockfish steht Weiss bereits klar besser mit ca. +1,20} 13. Bxc6 $2 {so aber nicht, büsst eine ganze Bauerneinheit ein, danach steht Weiss nur noch unbedeutend besser mit ca. +0,20, nötig war Dc2} Bxc6 14. Nfxd4 Nxd4 15. Nxd4 Qd5 16. Nxc6 Qxc6 17. Qb3 Qb6 18. Qxb6 axb6 19. Rfc1 c6 20. Kf1 Ke7 21. Rc4 Rhd8 22. Rh4 {besser ist Tb4, Stockfish -0,80} Rd2 {besser ist h6, Stockfish +0,20} 23. Rxh7 $2 {ein Verlustzug, danach ist die Partie bereits verloren, Stockfish -2,00, nötig war b3} ({Stockfish dev-20230903-b25d68f6:} 23. b3 h6 24. Rg4 g6 25. a4 Ke6 26. Rb4 b5 27. Rc1 g5 28. f4 Rb2 29. axb5 c5 30. Ra4 Rd8 31. fxg5 hxg5 32. Ra7 c4 33. bxc4 Rdd2 34. Rxb7 Rxg2 35. Rd1 Rbf2+ 36. Ke1 Rh2 37. Rd6+ Kxe5 38. Rd5+ Kf6 39. Rb6+ Ke7 {[%eval -30,31] [%wdl 1,976,23]}) 23... Rxb2 24. Rxg7 Raxa2 $4 {ein grottenschlechter Zug, der den gesamten Vorteil verschenkt, Stockfish 0,00, gewonnen hätte b5} 25. Rxa2 Rxa2 26. Rg8 b5 27. Rb8 Ra7 28. Ke2 Ke6 29. f4 $4 {ein Verlustzug, danach ist die Partie bereits verloren, Stockfish -3,00, nötig war h4 mit Ausgleich} c5 $4 {Lyon 68020 verwirft im allerletzten Augenblick den Gewinnzug b4 zu Gunsten des Textzuges wegen einer Bewertungsdifferenz von +0,12 / eine ganz schlechte Entscheidung, verschenkt den Sieg, danach ist die Partie Remis, Stockfish 0,00} 30. h4 c4 31. h5 Kf5 32. Rf8 b6 33. Ke3 b4 34. g4+ Kxg4 35. h6 f5 36. exf6 Rh7 37. f7 Kh5 38. Rc8 Rxf7 39. Rxc4 Rh7 40. Rxb4 Rxh6 41. Rb5+ Kh4 42. Ke4 Rc6 43. Kd5 Rc5+ 44. Rxc5 bxc5 45. f5 c4 46. f6 c3 {Userentscheid: Remis} 1/2-1/2